Right trusty and entirely beloved cousin and councellor, wee greet you well, having used all possible and honourable meanes, by sending many gracious messages to the two Houses of Parliament ... to procure our personall treaty with them, for a safe and well grounded peace ...

Bibliographic Details
Corporate Author: England and Wales. Sovereign (1625-1649 : Charles I)
Other Authors: Charles I, King of England, 1600-1649, Ormonde, James Butler, Duke of, 1610-1688
Format: eBook
Language:English
Published: Imprinted at Dublin : By VVilliam Bladen ..., 1646.
Series:Early English books online.
Subjects:
Online Access:Connect to the full text of this electronic book
Connect to the full text of this electronic book

MARC

Tag First Indicator Second Indicator Subfields
LEADER 00000nam a2200000Ia 4500
001 in00004309613
005 20200810090930.0
006 m g d
007 cr bn |||a|bb|
008 881207s1646 ie o 00| | eng d
035 |a (OCoLC)18851007 
040 |a EAH  |c EAH  |d UMI  |d WaOLN 
037 |a CL0037000061  |b ProQuest Information and Learning. 300 N. Zeeb Rd., Ann Arbor, MI 48106 
037 |a CL0037000063  |b ProQuest Information and Learning. 300 N. Zeeb Rd., Ann Arbor, MI 48106 
037 |a CL0037000066  |b ProQuest Information and Learning. 300 N. Zeeb Rd., Ann Arbor, MI 48106 
043 |a e-uk-en  |a e-ie--- 
045 0 |b d16460403 
090 |a DA410  |b .E53 1646 
049 |a UMIA 
110 1 |a England and Wales.  |b Sovereign (1625-1649 : Charles I) 
245 1 0 |a Right trusty and entirely beloved cousin and councellor, wee greet you well, having used all possible and honourable meanes, by sending many gracious messages to the two Houses of Parliament ... to procure our personall treaty with them, for a safe and well grounded peace ... 
246 1 |i At head of title:  |a Charles R. 
260 |a Imprinted at Dublin :  |b By VVilliam Bladen ...,  |c 1646. 
300 |a 1 online resource (1 broadside. 
336 |a text  |b txt  |2 rdacontent 
337 |a computer  |b c  |2 rdamedia 
338 |a online resource  |b cr  |2 rdacarrier 
500 |a Title from first 5 lines of text. 
500 |a "Given at our court at Oxon, third day of April, 1646." 
500 |a "His Majestie having by his royall letters directed to vs the Lord Lieutenant dated the third of Aprill last, required vs to communicat [sic] the said letter to his councell, and loyall subjects with vs ... 21. May. 1646. Ormonde." 
500 |a Imperfect: creased, stained, and tightly bound, with some loss of printing. 
500 |a Item at reel 1664:22 identified as Wing C2416 (number cancelled). 
500 |a Item at reel 1760:34 identified as Wing I643. 
500 |a Reproduction of original in the Bodleian Library. 
510 4 |a Wing (2nd edition)  |c C2761 
510 4 |a Wing (2nd edition)  |c I643 
533 |a Electronic reproduction.  |b Ann Arbor, Mich. :  |c UMI,  |d 1999-  |f (Early English books online)  |n Digital version of: (Early English books, 1641-1700 ; 1664:22 and 1697:38 and 1760:34)  |7 s1999 miun s 
610 1 0 |a Ireland.  |b Lord Lieutenant (1641-1649 : Ormonde) 
651 0 |a Great Britain  |x History  |y Civil War, 1642-1649. 
700 0 |a Charles  |b I,  |c King of England,  |d 1600-1649. 
700 1 |a Ormonde, James Butler,  |c Duke of,  |d 1610-1688. 
830 0 |a Early English books online. 
856 4 0 |u http://proxy.library.tamu.edu/login?url=https://search.proquest.com/docview/2264187714  |z Connect to the full text of this electronic book  |t 0 
856 4 0 |u http://proxy.library.tamu.edu/login?url=https://search.proquest.com/docview/2264187711  |z Connect to the full text of this electronic book  |t 0 
999 f f |s e09edd79-de23-3d85-86a1-0823a2f5619c  |i 6612fc8d-bf70-3087-aec5-be858f9d74d3  |t 0 
952 f f |a Texas A&M University  |b College Station  |c Electronic Resources  |d Available Online  |t 0  |e DA410 .E53 1646  |h Library of Congress classification 
998 f f |a DA410 .E53 1646  |t 0  |l Available Online